00210nam a2200085Ia 4500008004100000041000800041100000900049245003700058260002900095231212s1996 xx 000 0 und d aeng aGrob aBasic Television & Video Systems aNew DelhibB.P.B.Pc1996